Determining the investment attractiveness of the Central and Eastern European countries

Salvato in:
Dettagli Bibliografici
Autore principale: Ondrejkovič, Dávid
Natura: Capitolo di libro
Lingua:inglese
Tags: Aggiungi Tag
Nessun Tag, puoi essere il primo ad aggiungerne!!

MARC

LEADER 00000naa$a2200000$$$4500
001 0184225
005 20240502083435.2
041 0 |a eng 
044 |a HU 
245 1 0 |a Determining the investment attractiveness of the Central and Eastern European countries  |c Dávid Ondrejkovič 
100 1 |a Ondrejkovič, Dávid